000 00744nam a2200229 a 4500
003 DO-SdBNP
005 20220118105346.0
007 ta
008 220118e2017 dr ||||gr|||| 00| ebspa d
040 _aDO-SdBNP
_bspa
_cBNPHU
082 4 _b939n
_2I24n
110 1 _977477
_aIglesia Católica
245 1 0 _aNovena a San Lorenzo, mártir /
246 _aNovena a San Lorenzo, diácono y mártir
260 _aSanto Domingo :
_bAmigo del Hogar,
_c2017
300 _a40 p. ;
_c15 cm.
590 _aInventariado 2022 / MF
610 0 _964444
_aIglesia Católica,
_bParroquia San Lorenzo, mártir (República Dominicana)
_xNovena
610 4 _94857
_aIglesia Católica
_xLiturgia
710 2 _aParroquia San Lorenzo, mátir
_980964
942 _2ddc
_cLF2
999 _c51182
_d51182